Zulaika

Bibliographic Details
Main Author: Kamariah Safri
Format: Book

MARC

LEADER 00000cam a2200000 7i4500
001 0000009444
002 000010286
005 20000330.0
020 |a 9838930610X 
090 0 0 |a F   |b KAM 
100 0 |a Kamariah Safri 
245 1 0 |a Zulaika 
999 |a 044853   |b BUKU   |c FICTION   |e PERPUSTAKAAN KOMUNITI CAW KOTA DAMANSARA